000
00322nam a22001337a 4500
020
_a
0-8019-6027-4
082
_a
629.2275 CHI'H
100
_a
CHILTON'S
_9
78632
245
_a
HODAKA NEW REPAIR AND TUNE UP GUIDE
260
_a
RADNOR
_b
CHILTON
_c
1974
300
_a
132P
650
_a
HADAKA MOTORCYCLE
_9
78633
942
_c
BK
999
_c
583747
_d
583747